Co-operative approaches to regulation

Gespeichert in:
Bibliographische Detailangaben
Format: Buch
Sprache:Englisch
Veröffentlicht: Paris OECD 1997
Schriftenreihe:Public management. Occasional papers No. 18
Schlagworte:
Tags: Tag hinzufügen
Keine Tags, Fügen Sie das erste Tag hinzu!

MARC

LEADER 00000nam a2200000 4500
001 c117866
005 20221124074505.2
020 |a 92-64-15567-8 
041 0 |a eng 
044 |a FR 
245 1 0 |a Co-operative approaches to regulation 
264 1 |a Paris  |b OECD  |c 1997 
300 |a 51 s. 
490 1 |a Public management. Occasional papers  |v No. 18 
830 0 |a Public management. Occasional papers  |v No. 18 
610 2 0 |a regulácia 
610 2 0 |a regulácia hospodárska 
610 2 0 |a regulácia štátna 
610 2 0 |a prostredie životné 
610 2 0 |a politika environmentálna 
610 2 0 |a štúdie prípadové 
610 2 0 |a Kanada 
610 2 0 |a Holandsko 
610 2 0 |a Veľká Británia